000 00414nam a2200133Ia 4500
008 211122s9999||||xx |||||||||||||| ||und||
082 _a572.2
_bDHA-P
100 _aDharmapalan, Biju
245 0 _aPlant Biochemistry:An Introduction
260 _bNarosa Publishing House
_aNew Delhi
630 _xGeneral Stack
650 _aZoology
_vNATURAL SCIENCE & MATHEMATICSLIFE SCIENCE; BIOLOGYBIOCHEMISTRY
942 _cBOOK
999 _c125804
_d125804